The way of the heart / (Record no. 3784)
[ view plain ]
| 000 -LEADER | |
|---|---|
| fixed length control field | 00851nam a2200313Ia 4500 |
| 001 - CONTROL NUMBER | |
| control field | 26058018 |
| 003 - CONTROL NUMBER IDENTIFIER | |
| control field | OCoLC |
| 005 - DATE AND TIME OF LATEST TRANSACTION | |
| control field | 20181122162045.0 |
| 008 - FIXED-LENGTH DATA ELEMENTS--GENERAL INFORMATION | |
| fixed length control field | 920622r19911983nyu 000 0 eng d |
| 010 ## - LIBRARY OF CONGRESS CONTROL NUMBER | |
| LC control number | 80021790 |
| 020 ## - INTERNATIONAL STANDARD BOOK NUMBER | |
| International Standard Book Number | 0345305302 |
| 020 ## - INTERNATIONAL STANDARD BOOK NUMBER | |
| International Standard Book Number | 0345329597 |
| Terms of availability | $4.07 |
| 035 ## - SYSTEM CONTROL NUMBER | |
| System control number | brn81075 |
| 040 ## - CATALOGING SOURCE | |
| Original cataloging agency | KQY |
| Transcribing agency | KQY |
| Modifying agency | MAL |
| 082 ## - DEWEY DECIMAL CLASSIFICATION NUMBER | |
| Classification number | 248.89 |
| Item number | N934W |
| 090 ## - LOCALLY ASSIGNED LC-TYPE CALL NUMBER (OCLC); LOCAL CALL NUMBER (RLIN) | |
| Classification number (OCLC) (R) ; Classification number, CALL (RLIN) (NR) | BV4011 |
| Local cutter number (OCLC) ; Book number/undivided call number, CALL (RLIN) | .N682 1991 |
| 092 ## - LOCALLY ASSIGNED DEWEY CALL NUMBER (OCLC) | |
| Classification number | 253 |
| Item number | N85wa |
| 100 1# - MAIN ENTRY--PERSONAL NAME | |
| Personal name | Nouwen, Henri J. M. |
| 245 14 - TITLE STATEMENT | |
| Title | The way of the heart / |
| Statement of responsibility, etc. | Henri J.M. Nouwen. |
| 250 ## - EDITION STATEMENT | |
| Edition statement | 1st Ballantine Books/Epiphany ed. |
| 260 ## - PUBLICATION, DISTRIBUTION, ETC. | |
| Place of publication, distribution, etc. | New York : |
| Name of publisher, distributor, etc. | Ballantine Books, |
| Date of publication, distribution, etc. | 1991, c1983. |
| 300 ## - PHYSICAL DESCRIPTION | |
| Extent | viii, 81 p. ; |
| Dimensions | 18 cm. |
| 490 0# - SERIES STATEMENT | |
| Series statement | Epiphany |
| 504 ## - BIBLIOGRAPHY, ETC. NOTE | |
| Bibliography, etc. note | Includes bibliographical references. |
| 650 #0 - SUBJECT ADDED ENTRY--TOPICAL TERM | |
| Topical term or geographic name entry element | Pastoral theology. |
| 650 #0 - SUBJECT ADDED ENTRY--TOPICAL TERM | |
| Topical term or geographic name entry element | Clergy |
| General subdivision | Office. |
| 650 #0 - SUBJECT ADDED ENTRY--TOPICAL TERM | |
| Topical term or geographic name entry element | Christian life. |
| 942 ## - ADDED ENTRY ELEMENTS (KOHA) | |
| Source of classification or shelving scheme | Dewey Decimal Classification |
| Koha item type | Books |
| Withdrawn status | Lost status | Source of classification or shelving scheme | Damaged status | Not for loan | Collection code | Home library | Current library | Shelving location | Date acquired | Cost, normal purchase price | Total Checkouts | Full call number | Barcode | Date last seen | Price effective from | Koha item type |
|---|---|---|---|---|---|---|---|---|---|---|---|---|---|---|---|---|
| Dewey Decimal Classification | Non-fiction | Harvest Mission College | Harvest Mission College | General Stacks | 22.11.2018 | 200.00 | 248.89 N934W | 004359 | 22.11.2018 | 22.11.2018 | Books |
